000 00745nam a2200313Ia 4500
008 210210b2008 xxu||||| |||| 00| 0 eng d
020 _a9788122422054
041 _aeng
082 _a428.1 GEEB
100 _aGEER (Philip)
245 _aBarrons essential words for the GRE
_bYour vocabulary for success on the GRE General test
260 _aNew Delhi
_bNew age international publishers
_c2008
300 _a396
650 _aYour
650 _awords
650 _avocabulary
650 _athe
650 _atest
650 _asuccess
650 _as
650 _aon
650 _aGRE
650 _aGeneral
650 _afor
650 _aessential
650 _aBarron
690 _aEnglish Usage
906 _a062356
999 _c117499
_d117499